Analýza ekonomických a právnych aspektov podnikania formou holdingu v rámci EÚ
Globalizácia motivuje združovanie podnikov do holdingových zoskupení. Odstraňovaním bariér a vznikom Schengenského priestoru bol uľahčený vstup podikateľom v rámci členských štátov EÚ na trhy ostatných členských štátov. Vhodnou formou združenia je holding, nakoľko jednotlivé podniky si zachovávajú s...
Salvato in:
| Autore principale: | |
|---|---|
| Natura: | Capitolo di libro |
| Lingua: | slovacco |
| Soggetti: | |
| Tags: |
Nessun Tag, puoi essere il primo ad aggiungerne!!
|
MARC
| LEADER | 00000naa$a2200000$$$4500 | ||
|---|---|---|---|
| 001 | 0116438 | ||
| 005 | 20240502072310.6 | ||
| 041 | 0 | |a slo | |
| 044 | |a SK | ||
| 245 | 1 | 0 | |a Analýza ekonomických a právnych aspektov podnikania formou holdingu v rámci EÚ |c Marián Smorada |
| 520 | |a Globalizácia motivuje združovanie podnikov do holdingových zoskupení. Odstraňovaním bariér a vznikom Schengenského priestoru bol uľahčený vstup podikateľom v rámci členských štátov EÚ na trhy ostatných členských štátov. Vhodnou formou združenia je holding, nakoľko jednotlivé podniky si zachovávajú svoju právnu subjektivitu a pôsobia samostatne. Zároveň čerpajú ekonomické výhody, ktoré im z tohto zoskupenia plynú. | ||
| 610 | 2 | 0 | |a holding |
| 610 | 2 | 0 | |a spoločnosti materské |
| 610 | 2 | 0 | |a spoločnosti dcérske |
| 610 | 2 | 0 | |a subjektivita právna |
| 610 | 2 | 0 | |a diverzifikácia |
| 610 | 2 | 0 | |a podnikanie |
| 610 | 2 | 0 | |a trh |
| 610 | 2 | 0 | |a Európska únia |
| 100 | 1 | |a Smorada, Marián, 1984- | |